Quiz dla debili #1 - Statystyki

Ogólne statystyki
  • Ten quiz został rozwiązany 161 razy
  • Średni wynik to 6 z 6
Statystyki odpowiedzi
Zagadnienie Odpowiedź % Poprawnych
Ile Polska ma sąsiadów 7
98%
Stolica Polski to Warszawa
98%
Kanada to Państwo
96%
Rozwiąż zadanie matematyczne: 2+2 4
94%
Największy kraj na świecie to Rosja
90%
Jak się piszę "krzesło" krzesło
80%
Nie znaleziono quizów pasujących do podanych kryteriów
Rozkład punktacji
Procent ludzi z każdym wynikiem
Percentyl według liczby udzielonych odpowiedzi
Twoja historia wyników
Nie rozwiązałeś tego quizu